00458nam a22001217a 4500008004100000040005500041080003300096245009900129260007100228300001400299650001400313653000900327230410b |||||||| |||| 00| 0 eng d aNational Science LibrarycNational Science Library a339(047.1)(548 Goa etc) bK4 aTechno-economic survey of Goa, Daman and Diuc/ National Council of Applied Economic Research  aNew Delhi: bNational Council of Applied Economic Research, c1964 av, 275p.  aEconomic  aGoa